00629cam a2200205 45000010005000000030008000050050017000130080039000300350018000690400032000870410008001190820024001272450112001512600035002633000033002985040030003316500018003616500016003797000028003951882BD-RjUL20211208233431.0710402s1971 nyua b 000 0 eng a(BD-RjUL)1909 aDLCcDLCdDLCdBD-RjULbeng aeng00a303.4bWHE 197122300aWhen men revolt and why :ba reader in political violence and revolution /cedited by James Chowning Davies aNew York :bFree Press,cc1971 axv, 357 p. :bill. ;c24 cm. aBibliography: p. 326-330. 0aSocial change 0aRevolutions aDavies, James Chowning